000 00351cam a2200145ua 4500
041 _aeng
_h
082 _a822
_bGID/RE
100 _aGide, Andrew .
245 _aReturn of the prodigal /
_cAndrew Gide.
_hTextual Documents
260 _aLondon :
_bSecker & Warburg ,
_c1953.
300 _a304 ; .
504 _a
942 _cBK
999 _c5875
_d5875